|
|
|
|
| LEADER |
01410nam a2200373Ia 4500 |
| 001 |
EBC893490 |
| 003 |
MiAaPQ |
| 005 |
20200520144314.0 |
| 006 |
m o d | |
| 007 |
cr cn||||||||| |
| 008 |
121227s2012 gw s 000 0 eng d |
| 020 |
|
|
|z 9783110269963
|
| 020 |
|
|
|z 9783110270211
|
| 035 |
|
|
|a (MiAaPQ)EBC893490
|
| 035 |
|
|
|a (Au-PeEL)EBL893490
|
| 035 |
|
|
|a (CaPaEBR)ebr10634424
|
| 035 |
|
|
|a (CaONFJC)MIL416923
|
| 035 |
|
|
|a (OCoLC)823717689
|
| 040 |
|
|
|a MiAaPQ
|c MiAaPQ
|d MiAaPQ
|
| 050 |
|
4 |
|a HD7103.65.E85
|b E56 2012
|
| 245 |
0 |
0 |
|a Employers' liability and workers' compensation
|h [electronic resource] /
|c Ken Oliphant, Gerhard Wagner, eds. ; with contributions by Christian Alunaru ... [et al.].
|
| 260 |
|
|
|a Berlin :
|b De Gruyter,
|c c2012.
|
| 300 |
|
|
|a xxxix, 319 p.
|
| 490 |
0 |
|
|a Tort and insurance law ;
|v vol. 31
|
| 500 |
|
|
|a Study was supported by Munich Re.
|
| 533 |
|
|
|a Electronic reproduction. Ann Arbor, MI : ProQuest, 2015. Available via World Wide Web. Access may be limited to ProQuest affiliated libraries.
|
| 650 |
|
0 |
|a Workers' compensation
|z Europe.
|
| 650 |
|
0 |
|a Employers' liability insurance
|z Europe.
|
| 655 |
|
4 |
|a Electronic books.
|
| 700 |
1 |
|
|a Oliphant, Ken.
|
| 700 |
1 |
|
|a Wagner, Gerhard.
|
| 700 |
1 |
|
|a Alunaru, Christian.
|
| 710 |
2 |
|
|a ProQuest (Firm)
|
| 856 |
4 |
0 |
|u https://ebookcentral.proquest.com/lib/matrademy/detail.action?docID=893490
|z Click to View
|